[Event "London Classic Open 2018"]
[Site "London ENG"]
[Date "2018.12.11"]
[Round "3.55"]
[White "Cramling Bellon, Anna"]
[Black "Laustsen, Lars"]
[Result "1-0"]
[WhiteTitle "WFM"]
[WhiteElo "1927"]
[BlackElo "2186"]
[WhiteFideId "32009232"]
[BlackFideId "1407554"]
[EventDate "2018.12.09"]

1. d4 d5 2. c4 c6 3. Nf3 Nf6 4. Nc3 dxc4 5. a4 Bf5 6. Nh4 e6 7. Nxf5 exf5 8. e3
Bd6 9. Bxc4 O-O 10. Qf3 g6 11. h3 Re8 12. g4 f4 13. O-O Bc7 14. b3 Nbd7 15. exf4
Nb6 16. g5 Nh5 17. d5 Nxc4 18. bxc4 Qd7 19. c5 Qf5 20. d6 Ba5 21. Ne2 Qxc5 22.
d7 Red8 23. Rd1 Qf5 24. Qd3 Rxd7 25. Qxd7 1-0

[Event "London Classic Open 2018"]
[Site "London ENG"]
[Date "2018.12.11"]
[Round "3.57"]
[White "Cole, James"]
[Black "Lim, Zhuo Ren"]
[Result "1/2-1/2"]
[BlackTitle "FM"]
[WhiteElo "1914"]
[BlackElo "2184"]
[WhiteFideId "431818"]
[BlackFideId "5702488"]
[EventDate "2018.12.09"]

1. e4 c5 2. Nf3 d6 3. d4 cxd4 4. Nxd4 Nf6 5. Nc3 a6 6. Be3 e5 7. Nb3 Be6 8. f3
Nbd7 9. Qd2 h5 10. Nd5 Bxd5 11. exd5 g6 12. Be2 Bg7 13. Na5 Qc7 14. c4 e4 15.
O-O exf3 16. gxf3 O-O 17. Rac1 Rae8 18. b4 b6 19. Nb3 Qb7 20. Rfd1 Rd8 21. a4
Ne5 22. Kg2 Rb8 23. h3 Rfe8 24. f4 Qe7 25. Bd4 Bh6 26. Rc2 Ne4 27. Qe3 f5 28.
Nd2 Nd7 29. Nxe4 Qxe4+ 30. Qxe4 Rxe4 31. Bf3 Re7 32. c5 bxc5 33. bxc5 Nxc5 34.
Bxc5 Rc8 35. Rd4 Rec7 36. Rdc4 a5 37. Kg3 Kf7 38. h4 Bg7 39. Be2 Rxc5 40. Rxc5
dxc5 41. Bc4 Bf8 42. d6+ Kg7 1/2-1/2

[Event "London Classic Open 2018"]
[Site "London ENG"]
[Date "2018.12.11"]
[Round "3.58"]
[White "Hughes, Anthony"]
[Black "Brooks, Phil J"]
[Result "0-1"]
[WhiteTitle "CM"]
[WhiteElo "1910"]
[BlackElo "2184"]
[WhiteFideId "1803093"]
[BlackFideId "405540"]
[EventDate "2018.12.09"]

1. d4 e6 2. Nf3 d5 3. g3 b5 4. Bg2 Bb7 5. O-O Nf6 6. c3 Nbd7 7. a4 b4 8. a5 Ba6
9. Re1 Rb8 10. Nbd2 Be7 11. Ne5 Nxe5 12. dxe5 Nd7 13. e4 c6 14. exd5 cxd5 15.
Qg4 O-O 16. c4 dxc4 17. Nxc4 Kh8 18. b3 Nc5 19. Rd1 Qc7 20. Nd6 Nxb3 21. Rb1
Nxc1 22. Rbxc1 Qxa5 23. Qh5 Bxd6 24. Rxd6 b3 25. Be4 g6 26. Bxg6 fxg6 27. Qh6 b2
28. Rb1 Rf7 29. Rxe6 Bd3 30. Rf6 Qc7 31. Kg2 Bxb1 32. Qf4 Rxf6 33. Qxf6+ Qg7 34.
Qd6 Be4+ 35. f3 b1=Q 0-1

[Event "London Classic Open 2018"]
[Site "London ENG"]
[Date "2018.12.11"]
[Round "3.59"]
[White "Brozel, Sacha"]
[Black "Jain, Gautam"]
[Result "1-0"]
[WhiteElo "2182"]
[BlackElo "1926"]
[WhiteFideId "429317"]
[BlackFideId "425311"]
[EventDate "2018.12.09"]

1. Nf3 Nf6 2. g3 g6 3. Bg2 Bg7 4. d4 d6 5. c4 O-O 6. Nc3 c6 7. O-O Qa5 8. e4 e5
9. h3 Be6 10. d5 cxd5 11. cxd5 Bd7 12. a3 Rc8 13. Be3 Qd8 14. Qd3 Qe7 15. Nd2
Nh5 16. Rac1 Na6 17. b4 Nc7 18. Nc4 f5 19. Rfe1 Nb5 20. Nxb5 Bxb5 21. exf5 Qc7
22. Bf1 Bxc4 23. Rxc4 Qxc4 24. Qxc4 Rxc4 25. Bxc4 gxf5 26. Be2 Nf6 27. Rc1 Kh8
28. Rc7 f4 29. gxf4 Nxd5 30. Rxb7 Nxf4 31. Bf3 Rf8 32. Bc6 Nxh3+ 33. Kg2 Nf4+
34. Bxf4 exf4 35. Rxa7 Be5 36. b5 Rg8+ 37. Kf3 h5 38. Rf7 Rg1 39. Rf5 Ra1 40.
Rxh5+ Kg7 41. Ke4 Rxa3 42. b6 Rb3 43. b7 Kf6 44. Rh6+ Ke7 45. Bd5 Rb4+ 46. Kf5
Bd4 47. Rh7+ Kf8 48. Rf7+ Ke8 49. Ke6 Ba7 50. Bc6+ Kd8 51. Rf8+ Kc7 52. Rc8+ Kb6
53. b8=Q+ 1-0

[Event "London Classic Open 2018"]
[Site "London ENG"]
[Date "2018.12.11"]
[Round "3.60"]
[White "Ogunshola, Ben"]
[Black "Mugalu, Hassan"]
[Result "1-0"]
[WhiteElo "2172"]
[BlackElo "1910"]
[WhiteFideId "8500231"]
[BlackFideId "451533"]
[EventDate "2018.12.09"]

1. c4 e5 2. Nc3 b6 3. Nf3 Nc6 4. g3 Rb8 5. Bg2 Nf6 6. O-O Be7 7. d4 exd4 8. Nb5
O-O 9. Bf4 Ne8 10. Nfxd4 Nxd4 11. Qxd4 Bf6 12. Qd2 a6 13. Nc3 Bb7 14. Nd5 d6 15.
Rfd1 Qc8 16. Rac1 Bd8 17. Bg5 Bxg5 18. Qxg5 Qe6 19. Ne7+ Kh8 20. Bxb7 Rxb7 21.
Nc6 Nf6 22. Nd4 Qh3 23. Nf5 Rg8 24. Rd4 Qh5 25. Qf4 Rbb8 26. g4 g5 27. Qf3 Qg6
28. Ne7 Qg7 29. Nf5 Qg6 30. Ne7 Qg7 31. Nxg8 Rxg8 32. Rcd1 Re8 33. R1d3 Nd7 34.
Qc6 f6 35. Qxc7 Rxe2 36. Rxd6 Re1+ 37. Kg2 Nf8 38. Qxg7+ Kxg7 39. Rxb6 Ne6 40.
Rd7+ Kg6 41. Rdd6 Kf7 42. Kf3 a5 43. Rxe6 Rxe6 44. Rxe6 Kxe6 45. Ke4 a4 46. b4
h6 47. c5 1-0

[Event "London Classic Open 2018"]
[Site "London ENG"]
[Date "2018.12.11"]
[Round "3.61"]
[White "Rushbrooke, Remy"]
[Black "Eames, Robert S"]
[Result "1-0"]
[BlackTitle "FM"]
[WhiteElo "1909"]
[BlackElo "2167"]
[WhiteFideId "443590"]
[BlackFideId "408743"]
[EventDate "2018.12.09"]

1. d4 Nf6 2. Bg5 Ne4 3. Bh4 c5 4. f3 g5 5. fxe4 gxh4 6. e3 Bh6 7. Nd2 Bxe3 8. d5
Bd4 9. c3 Bf6 10. Qh5 d6 11. Ngf3 Rg8 12. Bb5+ Bd7 13. Bxd7+ Nxd7 14. Nxh4 Qb6
15. O-O-O Ne5 16. Kb1 Ng4 17. Nc4 Qa6 18. e5 Qxc4 19. exf6 Nxf6 20. Qh6 Qe4+ 21.
Ka1 Ng4 22. Qd2 Ne3 23. Qd3 Qxh4 24. Qxe3 Rxg2 25. Qd3 c4 26. Qf5 Rf2 27. Qb1
Kd7 28. Rdf1 Rf8 29. Rxf2 Qxf2 30. Qxh7 Qf3 31. Re1 Qxd5 32. h4 e6 33. h5 Qf5
34. Qg7 Ke7 35. h6 Qf6 36. Qg2 Rb8 37. h7 Qh8 38. Qg5+ Kd7 39. Qh5 Ke7 40. Qg5+
Kd7 41. Qh5 Rf8 42. Qb5+ Kc7 43. Qxc4+ Kb8 44. Qf4 e5 45. Qh6 Kc7 46. Rd1 Rd8
47. Rf1 Rd7 48. Rg1 f5 49. Rh1 f4 50. Qg6 f3 51. Qg8 Rd8 52. Qf7+ Kb8 53. Qxf3
Rd7 54. Qd3 a6 55. Qg6 Kc7 56. Qg8 Rd8 57. Rg1 d5 58. Rg7+ Kb6 59. Qe6+ Ka7 60.
Qf7 Rb8 61. a3 d4 62. Rg8 dxc3 63. Rxh8 1-0

[Event "London Classic Open 2018"]
[Site "London ENG"]
[Date "2018.12.11"]
[Round "3.62"]
[White "Beckett, Chris J"]
[Black "Dias, Savin"]
[Result "1-0"]
[WhiteElo "2165"]
[BlackElo "1903"]
[WhiteFideId "406244"]
[BlackFideId "442399"]
[EventDate "2018.12.09"]

1. d4 Nf6 2. Nf3 e6 3. e3 b6 4. Bd3 Bb7 5. O-O c5 6. b3 d5 7. Bb2 Nbd7 8. c4 Bd6
9. Nc3 Rc8 10. Rc1 O-O 11. Qe2 Bb8 12. cxd5 exd5 13. Rfd1 Ne4 14. Bb1 f5 15.
dxc5 Nxc3 16. Bxc3 bxc5 17. b4 d4 18. exd4 Re8 19. Qc4+ Kh8 20. d5 Nb6 21. Qd3
cxb4 22. Qxf5 1-0

[Event "London Classic Open 2018"]
[Site "London ENG"]
[Date "2018.12.11"]
[Round "3.64"]
[White "Pollack, Oscar"]
[Black "Liu, Cheng"]
[Result "1-0"]
[WhiteElo "2150"]
[BlackElo "1840"]
[WhiteFideId "429414"]
[BlackFideId "331059692"]
[EventDate "2018.12.09"]

1. e4 e5 2. Nf3 d6 3. d4 exd4 4. Nxd4 Nf6 5. Nc3 Be7 6. Be2 O-O 7. Bf4 Nc6 8.
Qd2 Nxd4 9. Qxd4 Be6 10. O-O Nd7 11. Rad1 Bf6 12. Qe3 Be5 13. Bg5 Bf6 14. Bf4
Be5 15. Bxe5 dxe5 16. Rd2 Qe7 17. Rfd1 c6 18. Rd6 Rfd8 19. Qd2 Kf8 20. Na4 Ke8
21. Qb4 Nb6 22. Rxd8+ Rxd8 23. Rxd8+ Qxd8 24. Nc5 Qd6 25. Qa5 Bc8 26. Nxb7 Bxb7
27. Qxa7 Qc7 28. Ba6 Kd8 29. Qxb7 Qxb7 30. Bxb7 Kc7 31. Ba6 Na4 32. b4 Nc3 33.
Bc4 f6 34. f3 c5 35. bxc5 Kc6 36. Kf2 Kxc5 37. Bb3 Kd4 38. a4 h5 39. h4 g5 40.
g3 g4 41. fxg4 Nxe4+ 42. Kf3 Nd2+ 43. Ke2 Ne4 44. gxh5 Nxg3+ 45. Kf2 Nxh5 46.
Bf7 Nf4 47. h5 Nh3+ 48. Ke2 e4 49. h6 Nf4+ 50. Ke1 e3 51. h7 1-0

[Event "London Classic Open 2018"]
[Site "London ENG"]
[Date "2018.12.11"]
[Round "3.65"]
[White "Karia, Rishul"]
[Black "Woong, Zhi Wei William"]
[Result "0-1"]
[BlackTitle "CM"]
[WhiteElo "1851"]
[BlackElo "2146"]
[WhiteFideId "429384"]
[BlackFideId "5804906"]
[EventDate "2018.12.09"]

1. e4 c5 2. Nc3 Nc6 3. g3 g6 4. Bg2 Bg7 5. Nge2 d6 6. d3 e6 7. O-O Nge7 8. f4
O-O 9. g4 f5 10. exf5 exf5 11. g5 d5 12. Ng3 d4 13. Nce2 Be6 14. Kh1 Re8 15. Ng1
Nd5 16. Re1 Bf7 17. Bd2 Ne3 18. Bxe3 dxe3 19. c3 Qd6 20. Nf1 Qxf4 21. Nh3 Qd6
22. Rxe3 Rxe3 23. Nxe3 Rd8 24. Qf3 Qxd3 25. Rd1 Qa6 26. Rxd8+ Nxd8 27. Qd1 Nc6
28. Bd5 Ne7 29. Nf4 Nxd5 30. Nexd5 Be5 31. Ne7+ Kg7 32. Nh5+ gxh5 33. Nxf5+ Kg6
34. Nh4+ Kxg5 35. Nf3+ Kf6 36. Nxe5 Kxe5 37. Qe1+ Kd6 38. Qg3+ Kd7 39. Qf4 Bd5+
40. Kg1 Qg6+ 0-1

[Event "London Classic Open 2018"]
[Site "London ENG"]
[Date "2018.12.11"]
[Round "3.66"]
[White "Bezuidenhout, Roland"]
[Black "Woltery, Nicolai"]
[Result "1-0"]
[WhiteTitle "FM"]
[WhiteElo "2145"]
[BlackElo "1817"]
[WhiteFideId "14304562"]
[BlackFideId "436887"]
[EventDate "2018.12.09"]

1. e4 c5 2. Nf3 Nc6 3. d3 g6 4. g3 Bg7 5. Bg2 Nf6 6. O-O O-O 7. c3 d6 8. Nbd2
Bd7 9. Re1 Ne8 10. a4 a6 11. Nf1 Nc7 12. Be3 Rb8 13. d4 cxd4 14. cxd4 b5 15. d5
Ne5 16. Nxe5 Bxe5 17. Bd4 bxa4 18. Bxe5 dxe5 19. Ne3 f6 20. Nc4 Ne8 21. Qd2 Nd6
22. Na5 Nb7 23. Nxb7 Rxb7 24. d6 Rb6 25. dxe7 Qxe7 26. Red1 Be6 27. Bf1 Rfb8 28.
Rxa4 Bb3 29. Bc4+ Bxc4 30. Rxc4 Rxb2 31. Qa5 Qe6 32. Rd8+ Rxd8 33. Qxd8+ Kg7 34.
Rc7+ Kh6 35. Qf8+ Kg5 36. Rxh7 Qc4 37. Qh6+ Kg4 38. h3+ Kf3 39. Qe3# 1-0

[Event "London Classic Open 2018"]
[Site "London ENG"]
[Date "2018.12.11"]
[Round "3.67"]
[White "Lochte, Szilvia"]
[Black "Willmoth, Robert F"]
[Result "0-1"]
[BlackTitle "CM"]
[WhiteElo "1843"]
[BlackElo "2144"]
[WhiteFideId "708410"]
[BlackFideId "402540"]
[EventDate "2018.12.09"]

1. c4 d6 2. g3 e5 3. Bg2 Be7 4. Nc3 f5 5. d3 Nf6 6. e4 c6 7. Nge2 O-O 8. O-O Na6
9. h3 Be6 10. exf5 Bxf5 11. d4 Nb4 12. Bg5 Qc7 13. a3 Na6 14. b4 Rae8 15. dxe5
dxe5 16. Qb3 Be6 17. Nd1 b5 18. Ne3 Qc8 19. Rac1 bxc4 20. Qa4 c5 21. b5 Nc7 22.
Nxc4 Kh8 23. Nxe5 Bxh3 24. Qh4 Bxg2 25. Kxg2 Qf5 26. Nf4 Kg8 27. Nc6 Nxb5 28.
Nxe7+ Rxe7 29. Nh5 Re4 30. Nxf6+ gxf6 31. Bf4 Nd4 32. Qh6 Re2 33. Bd6 Qd5+ 0-1

[Event "London Classic Open 2018"]
[Site "London ENG"]
[Date "2018.12.11"]
[Round "3.68"]
[White "Longson, Sarah N"]
[Black "Mihailidou, Magdalini"]
[Result "0-1"]
[WhiteTitle "WFM"]
[WhiteElo "2137"]
[BlackElo "1754"]
[WhiteFideId "2501465"]
[BlackFideId "25801236"]
[EventDate "2018.12.09"]

1. e4 e5 2. Nf3 Nc6 3. Bc4 Bc5 4. O-O Nf6 5. d3 a6 6. c3 d6 7. a4 Ba7 8. Nbd2 h6
9. Re1 g5 10. Nf1 g4 11. N3d2 h5 12. Ne3 Ne7 13. Ndf1 h4 14. d4 Ng6 15. Nf5 Nf4
16. dxe5 dxe5 17. Qb3 O-O 18. Bxf7+ Kh7 19. Bxf4 exf4 20. Rad1 g3 21. hxg3 hxg3
22. Nd4 gxf2+ 23. Kxf2 c5 24. Nc6 c4+ 25. Nxa7 cxb3 26. Rxd8 Rxd8 27. Nxc8 Raxc8
28. Bxb3 Kg6 29. Kf3 Kg5 30. e5 Ng4 31. Be6 Rd3+ 32. Ke2 Rcd8 33. Bc4 R3d7 34.
e6 Re7 35. Kf3 Kf5 36. Bb3 Ne5+ 37. Ke2 Kg4 38. Rd1 Rxd1 39. Kxd1 Nd3 40. Kd2
Nc5 41. Bd5 Nxe6 42. Nh2+ Kg3 43. Nf1+ Kf2 44. Nh2 Rd7 45. Ng4+ Kg3 46. Nf6 Rd8
47. Kc2 Rxd5 48. Nxd5 Kxg2 49. Kd2 f3 50. b4 f2 51. Ne3+ Kg1 52. Ke2 Nf4+ 53.
Kf3 Ng2 0-1

[Event "London Classic Open 2018"]
[Site "London ENG"]
[Date "2018.12.11"]
[Round "3.69"]
[White "Jaufarally, Nadia"]
[Black "Tozer, Philip A A"]
[Result "0-1"]
[WhiteElo "1833"]
[BlackElo "2137"]
[WhiteFideId "443727"]
[BlackFideId "419982"]
[EventDate "2018.12.09"]

1. e4 e6 2. d4 d5 3. Nd2 Nf6 4. e5 Nfd7 5. c3 c5 6. Bd3 Nc6 7. Ne2 cxd4 8. cxd4
f6 9. exf6 Nxf6 10. Nf3 Bd6 11. O-O Qc7 12. Nc3 a6 13. h3 O-O 14. Bd2 Bd7 15.
Rc1 Rae8 16. Re1 Qb8 17. a3 e5 18. dxe5 Nxe5 19. Nxe5 Bxe5 20. Qb3 Bc6 21. Ne4
Kh8 22. Nc5 Bd4 23. Rxe8 Qxe8 24. Qb4 Qe5 25. Nxb7 Bxf2+ 26. Kh1 Kg8 27. Bc3 d4
28. Bxd4 Bxg2+ 29. Kxg2 Qg3+ 30. Kf1 Qxd3+ 31. Kxf2 Ng4+ 32. Kg2 Qf3+ 0-1

[Event "London Classic Open 2018"]
[Site "London ENG"]
[Date "2018.12.11"]
[Round "3.70"]
[White "Gant, Chris J"]
[Black "Zhao, Haolin"]
[Result "1-0"]
[WhiteTitle "FM"]
[WhiteElo "2135"]
[BlackElo "1765"]
[WhiteFideId "403946"]
[BlackFideId "428680"]
[EventDate "2018.12.09"]

1. d4 Nf6 2. c4 e6 3. Nc3 Bb4 4. e3 b6 5. Bd3 Bb7 6. Ne2 Bxg2 7. Rg1 Bf3 8. Rxg7
Bxc3+ 9. bxc3 Ne4 10. Qc2 Qh4 11. Ng3 Nf6 12. Nf1 Ng4 13. e4 Nxh2 14. Bg5 Qh3
15. Bf6 Nxf1 16. Bxf1 Qh6 17. e5 Qf4 18. Rg3 Rf8 19. Bd3 d6 20. Bg5 1-0

[Event "London Classic Open 2018"]
[Site "London ENG"]
[Date "2018.12.11"]
[Round "3.71"]
[White "Fowler, Hugo"]
[Black "Burrows, Martin P"]
[Result "0-1"]
[WhiteElo "1799"]
[BlackElo "2134"]
[WhiteFideId "433411"]
[BlackFideId "409057"]
[EventDate "2018.12.09"]

1. e4 c5 2. c3 d5 3. exd5 Qxd5 4. d4 e6 5. Nf3 Nf6 6. Be3 cxd4 7. cxd4 Bb4+ 8.
Nc3 O-O 9. Bd3 b6 10. O-O Bxc3 11. bxc3 Ba6 12. Bxa6 Nxa6 13. Qd3 Nc5 14. Qc2
Nce4 15. Ne5 Rac8 16. c4 Qb7 17. Qa4 Rfd8 18. f3 Nc3 19. Qc2 Ncd5 20. Bg5 h6 21.
Bxf6 Nxf6 22. Rfd1 Qc7 23. Qa4 Ne8 24. Kh1 Nd6 25. c5 bxc5 26. Rac1 c4 27. d5
Nf5 28. Nc6 Rxd5 29. Rxc4 Rxd1+ 30. Qxd1 Qb6 31. Qc1 Re8 32. g4 Nh4 33. Ne5 Qf2
34. Rc2 Qd4 35. Nc6 Qd5 36. Qf1 Nxf3 37. Nb4 Qb7 38. Qg2 Qxb4 0-1

[Event "London Classic Open 2018"]
[Site "London ENG"]
[Date "2018.12.11"]
[Round "3.72"]
[White "Ozturan, Cem"]
[Black "Bhawoodien, Mohamed Ozayr"]
[Result "0-1"]
[BlackTitle "FM"]
[WhiteElo "1707"]
[BlackElo "2123"]
[WhiteFideId "6323502"]
[BlackFideId "14306484"]
[EventDate "2018.12.09"]

1. d4 Nf6 2. c4 e5 3. dxe5 Ng4 4. Bf4 Nc6 5. Nf3 Bb4+ 6. Nc3 Bxc3+ 7. bxc3 Qe7
8. Qd5 f6 9. exf6 Nxf6 10. Qd3 d6 11. g3 O-O 12. Bg2 Ne4 13. O-O Nc5 14. Qe3
Qxe3 15. Bxe3 Na4 16. Rac1 Na5 17. Nd2 c6 18. Bf4 Rd8 19. Bg5 Re8 20. Bf4 Be6
21. Bxd6 Nxc4 22. Nxc4 Bxc4 23. Rb1 Ba6 24. c4 Rxe2 25. a3 Rae8 26. Bf4 Ra2 27.
Be3 Rxa3 28. Ra1 Rxa1 29. Rxa1 Nb6 30. Bxb6 axb6 31. Bxc6 Rd8 32. Bd5+ Kf8 33.
Re1 Rd7 34. Re5 b5 35. cxb5 Bxb5 36. Be6 Rd1+ 37. Kg2 Bc6+ 38. Kh3 Rd6 39. Kg4
Rxe6 0-1

[Event "London Classic Open 2018"]
[Site "London ENG"]
[Date "2018.12.11"]
[Round "3.73"]
[White "Sedykh, Mikhail"]
[Black "Kalkowski, Igor"]
[Result "1-0"]
[WhiteElo "2118"]
[BlackElo "1716"]
[WhiteFideId "447498"]
[BlackFideId "21833966"]
[EventDate "2018.12.09"]

1. e4 c5 2. Nf3 e6 3. d4 cxd4 4. Nxd4 Nc6 5. Nc3 Qc7 6. Nxc6 dxc6 7. f4 Bb4 8.
Qd4 Bxc3+ 9. Qxc3 Nf6 10. Qf3 Bd7 11. Bd2 O-O-O 12. e5 Nd5 13. c4 Nb6 14. Qa3
Kb8 15. Bb4 Nc8 16. O-O-O f5 17. Bd6 Nxd6 18. exd6 Qc8 19. c5 Rhg8 20. Rd4 Ka8
21. h4 Rde8 22. Bc4 Rgf8 23. Re1 Rf6 24. Qf3 Qd8 25. Qc3 h6 26. Qd2 Rg6 27. Qf2
Qa5 28. Rd2 Qb4 29. Be2 Rf6 30. Qe3 b6 31. cxb6 Qxb6 32. Bf3 Qb5 33. Rc2 Rb8 34.
Qc3 Rb6 35. Kb1 Kb7 36. Rec1 Rg6 37. Bh5 Rf6 38. Bf3 Rg6 39. Bh5 Rf6 40. Qg3 g6
41. Bxg6 Qd5 42. Bh5 Rf8 43. Re1 Qb5 44. Qg7 Rd8 45. Qxh6 Ra6 46. Be2 Qa4 47.
Bxa6+ Kxa6 48. Qf6 Rb8 49. g3 Rb5 50. Qd8 c5 51. Rec1 Ra5 52. b3 Qc6 53. Qxa5+ 1-0

[Event "London Classic Open 2018"]
[Site "London ENG"]
[Date "2018.12.11"]
[Round "3.75"]
[White "Sentissi, Yassine"]
[Black "Johnson, Daniel"]
[Result "0-1"]
[WhiteElo "1571"]
[BlackElo "2111"]
[WhiteFideId "9011951"]
[BlackFideId "1721283"]
[EventDate "2018.12.09"]

1. e4 c5 2. Nf3 e6 3. d4 cxd4 4. Nxd4 a6 5. Nc3 Qc7 6. Be2 b5 7. O-O Bb7 8. Qd3
Nf6 9. a3 d6 10. Be3 Nbd7 11. f3 Be7 12. Nb3 O-O 13. f4 Nc5 14. Nxc5 dxc5 15.
Bf3 b4 16. e5 c4 17. Qe2 bxc3 18. exf6 Bxf6 19. bxc3 Bxf3 20. Qxf3 Bxc3 21. Rab1
Rab8 22. f5 exf5 23. Qxf5 Be5 24. Qh3 c3 25. Rxb8 Rxb8 26. Bc1 Qc5+ 27. Kh1 Qc4
28. Qf3 h6 29. g3 Rb5 30. Qd3 Qxd3 31. cxd3 Rb1 32. Kg2 c2 33. Kf2 f6 34. Ke2
Bc3 35. d4 Bxd4 36. Kd3 Bb2 37. Kxc2 Rxc1+ 38. Rxc1 Bxc1 39. Kxc1 Kf7 40. Kd2
Ke6 41. Ke2 Kd5 42. Kd3 f5 43. h4 h5 44. Ke3 Kc4 45. Kf4 Kb3 46. Kg5 Kxa3 47.
Kxh5 Kb4 48. Kg6 a5 49. Kxg7 a4 50. h5 a3 51. h6 a2 52. h7 a1=Q+ 53. Kg8 Qa2+
54. Kg7 Qb2+ 55. Kg8 Qb3+ 56. Kf8 Qxg3 57. h8=Q Qb8+ 0-1

[Event "London Classic Open 2018"]
[Site "London ENG"]
[Date "2018.12.11"]
[Round "3.77"]
[White "Rizzoli, Aluna"]
[Black "Bogner, Sebastian"]
[Result "0-1"]
[BlackTitle "GM"]
[WhiteElo "1911"]
[BlackElo "2610"]
[WhiteFideId "843881"]
[BlackFideId "4692055"]
[EventDate "2018.12.09"]

1. d4 Nf6 2. Bg5 d5 3. Nd2 g6 4. e3 Bg7 5. Bd3 O-O 6. h4 c5 7. c3 Nc6 8. h5 cxd4
9. hxg6 hxg6 10. cxd4 e5 11. dxe5 Nxe5 12. Be2 d4 13. Ne4 Qa5+ 14. Qd2 Qxd2+ 15.
Nxd2 dxe3 16. Bxe3 Nfg4 17. Bg5 Re8 18. Kf1 Bf5 19. Rh3 Rac8 20. Bb5 Re6 21. Ne2
Rb6 22. Rb3 Be6 23. Nd4 Bxb3 24. N2xb3 Nc6 25. Rc1 a6 26. Ba4 Bf6 27. Bd2 Bxd4
28. Nxd4 Rxb2 29. Nxc6 bxc6 30. Rc2 Rb1+ 31. Bc1 Re8 32. Rxc6 Re4 33. Bb3 Ne5
34. Rc8+ Kg7 35. f3 Rc4 0-1

[Event "London Classic Open 2018"]
[Site "London ENG"]
[Date "2018.12.11"]
[Round "3.78"]
[White "Jones, Tibor"]
[Black "Roe, Simon J"]
[Result "0-1"]
[WhiteElo "1860"]
[BlackElo "2223"]
[WhiteFideId "2405288"]
[BlackFideId "401471"]
[EventDate "2018.12.09"]

1. d4 Nf6 2. Nf3 g6 3. Bg5 Bg7 4. Nbd2 d6 5. e4 O-O 6. c3 Nc6 7. Bb5 a6 8. Bxc6
bxc6 9. O-O Re8 10. Re1 Rb8 11. Nc4 Be6 12. Na5 Bd7 13. Bxf6 Bxf6 14. e5 Bg7 15.
Qe2 Rb5 16. b4 Qc8 17. Nb3 h6 18. Nbd2 c5 19. bxc5 dxc5 20. d5 e6 21. c4 Rb2 22.
Qd3 Qb7 23. Nb3 exd5 24. cxd5 Bf5 25. Qc4 Rc2 26. Qa4 Qb5 27. Qxb5 axb5 28. h3
Ra8 29. Rec1 c4 30. Rxc2 Bxc2 31. Nbd4 Be4 32. Nxb5 Bxf3 33. Nxc7 Bxe5 34. Re1
Bxc7 35. gxf3 Bd6 36. Re2 c3 37. Kf1 Kg7 38. Rc2 Be5 39. Ke2 Rd8 40. d6 Rxd6 41.
f4 Bf6 42. Ke3 Rd1 43. Ke2 Rh1 0-1

[Event "London Classic Open 2018"]
[Site "London ENG"]
[Date "2018.12.11"]
[Round "3.79"]
[White "Davison, Chris"]
[Black "Frank, Tena"]
[Result "0-1"]
[BlackTitle "WFM"]
[WhiteElo "2068"]
[BlackElo "1899"]
[WhiteFideId "407801"]
[BlackFideId "4624297"]
[EventDate "2018.12.09"]

1. e4 c5 2. Nf3 e6 3. d4 cxd4 4. Nxd4 Nc6 5. Be3 Qc7 6. Nxc6 bxc6 7. Bd3 d5 8.
Nd2 Bd6 9. exd5 cxd5 10. c4 Nf6 11. Rc1 Qb7 12. c5 Be7 13. Qa4+ Kf8 14. O-O e5
15. b4 Ng4 16. Qa5 d4 17. Be4 Qb8 18. Nc4 dxe3 19. fxe3 Be6 20. Nd6 g6 21. Bxa8
Qxa8 22. Qc7 Nxe3 23. Rf2 Nd5 24. Qa5 Kg7 25. Qa3 Qb8 26. Rcf1 Bxd6 27. cxd6 Rd8
28. Qa5 Rxd6 29. a3 Qb6 30. Qxb6 Nxb6 31. Rc1 Nc4 32. a4 e4 33. Rfc2 Rd4 34. Kf2
f5 35. a5 a6 36. g3 Kf6 37. h4 Ke5 38. Rb1 Bd7 39. Rh1 Bb5 40. h5 g5 41. h6 e3+
42. Ke1 Ke4 43. Rh5 Ne5 0-1

[Event "London Classic Open 2018"]
[Site "London ENG"]
[Date "2018.12.11"]
[Round "3.80"]
[White "Prior, Stephen C V"]
[Black "Jukes, Sam"]
[Result "1-0"]
[WhiteElo "2065"]
[BlackElo "1888"]
[WhiteFideId "423378"]
[BlackFideId "1803182"]
[EventDate "2018.12.09"]

1. b3 Nf6 2. Bb2 d5 3. e3 g6 4. Bxf6 exf6 5. Nf3 Bg7 6. d4 O-O 7. g3 c5 8. c3
Qa5 9. Qd2 Nc6 10. Bg2 f5 11. O-O Be6 12. Rc1 Rfd8 13. Qb2 Rac8 14. a3 Qb6 15.
b4 c4 16. Nbd2 f6 17. Qc2 Qc7 18. Nh4 b6 19. Re1 Ne7 20. Bh1 Kf7 21. f3 g5 22.
Ng2 h5 23. e4 h4 24. exf5 Nxf5 25. Rxe6 Kxe6 26. Re1+ Kf7 27. Qxf5 hxg3 28. hxg3
Qxg3 29. Nf1 Qd6 30. f4 Qd7 31. Qxd7+ Rxd7 32. fxg5 fxg5 33. Nge3 Re8 34. Re2 g4
35. Rf2+ Kg6 36. Rg2 Bh6 37. Rxg4+ Kh7 38. Nxd5 Rf7 39. Be4+ Kh8 40. Ng3 Bc1 41.
Bg6 Re1+ 42. Kg2 Rd7 43. Rh4+ 1-0

[Event "London Classic Open 2018"]
[Site "London ENG"]
[Date "2018.12.11"]
[Round "3.81"]
[White "Bin-Suhayl, Ieysaa"]
[Black "Kender, Robert"]
[Result "1-0"]
[WhiteElo "2038"]
[BlackElo "1850"]
[WhiteFideId "429031"]
[BlackFideId "2064170"]
[EventDate "2018.12.09"]

1. d4 Nf6 2. c4 g6 3. Nc3 d5 4. Nf3 Bg7 5. g3 O-O 6. Bg2 c5 7. dxc5 Qa5 8. O-O
dxc4 9. Qd4 Nfd7 10. Qxc4 Qxc5 11. Qh4 Bxc3 12. bxc3 Qxc3 13. Be3 Nc6 14. Rac1
Qb4 15. Qh6 Nce5 16. Ng5 Nf6 17. Bc5 Neg4 18. Qxf8+ 1-0

[Event "London Classic Open 2018"]
[Site "London ENG"]
[Date "2018.12.11"]
[Round "3.82"]
[White "Marentini, Marcel"]
[Black "Rohfleisch, Daniel"]
[Result "1-0"]
[WhiteElo "2030"]
[BlackElo "1820"]
[WhiteFideId "1318730"]
[BlackFideId "12999881"]
[EventDate "2018.12.09"]

1. Nf3 Nf6 2. c4 e6 3. g3 b6 4. Bg2 Bb7 5. O-O c5 6. d4 d5 7. cxd5 Bxd5 8. Nc3
Bc6 9. Bg5 cxd4 10. Nxd4 Bxg2 11. Kxg2 Be7 12. Qa4+ Qd7 13. Ndb5 O-O 14. Rfd1
Qb7+ 15. f3 a6 16. Nd6 Qc6 17. Qxc6 Nxc6 18. Rac1 Rfd8 19. Nc4 Nd5 20. Nxd5 Bxg5
21. f4 Rxd5 22. Rxd5 exd5 23. Nxb6 Re8 24. Rxc6 Bf6 25. Nxd5 Bxb2 26. Kf3 g5 27.
Rxa6 g4+ 28. Kxg4 Rxe2 29. h4 Rg2 30. Ne7+ Kg7 31. Nf5+ 1-0